| 000 | 01223nam a22003257a 4500 | ||
|---|---|---|---|
| 003 | CHAP | ||
| 005 | 20220817043259.0 | ||
| 008 | 971013s1994 r 00010 d | ||
| 010 | _a70408 | ||
| 011 | _a71380 | ||
| 035 | _a80934 | ||
| 040 | _cCHAP | ||
| 082 |
_a633.73 _bM37 |
||
| 100 | 0 | 0 |
_aMaya Montalvo, Luis Alejandro _ecomp. _973197 |
| 245 | _aTesis de grado desarrolladas en el laboratorio de investigaciones sobre la química del café y los productos naturales | ||
| 260 |
_aSanta Fé de Bogota, Col. : _bFederación Nacional de Cafeteros de Colombia, _c1994 |
||
| 300 | _a154 p. | ||
| 490 |
_aFederación Nacional de Cafeteros de Colombia. Resúmenes análiticos _v; 2 |
||
| 590 |
_aBATCH-UPD _b10 _c20130110 _lUCH01 _h1158 |
||
| 590 |
_aBATCH-UPD _b10 _c20130410 _lUCH01 _h0740 |
||
| 590 |
_aBATCH-UPD _b10 _c20130914 _lUCH01 _h0811 |
||
| 590 |
_aCONVERSION _b10 _c20130109 _lUCH01 _h1339 |
||
| 650 | 1 | 4 |
_aCafé _xAnálisis. _917089 |
| 650 | 1 | 4 |
_aCafé _xBibliografía. _917112 |
| 650 | 1 | 4 |
_aTesis _xBibliografía. |
| 830 | 0 |
_aFederación Nacional de Cafeteros de Colombia. Resúmenes análiticos _v; 2 _939933 |
|
| 901 | _aBK | ||
| 942 | _cLIBRO | ||
| 949 |
_a633.73 M37 _bBC _cC _d33724000653747 _eC _h86489 _i80934 _si |
||
| 999 |
_c70408 _d70408 |
||